[Krčméry, Štefan]

Zobrazenie: Podobizeň básnika, literárneho historika a kritika, prekladateľa, publicistu, redaktora Štefana Krčméryho ako maturanta v roku 1911 (26.12.1892 Mošovce - 15.2.1955 Pezinok, poch. v Bratislave, od 1990 v Martine).

Bibliographic Details
Corporate Author: Mindszenty (Bratislava, Slovensko) (Author)
Format: Photo
Language:Hungarian
PhysicalDescription:1 fotografia čiernobiela 11 x 7 cm
Published: [S.l. s.n.] [1911]
Subjects:

MARC

LEADER 00000nkmaa2200000 a 4500
001 vtls011902483
003 SK-MaSNL
005 20260301102341.0
007 kh bo
008 230802s1911 xo | |||0 k|hun
035 |a 2237CC8F-37F3-406F-A97D-9B34264C8AD0 
035 |a urn:nbn:sk:snk-km43i8h 
035 |a urn:nbn:sk:snk-km00e7my 
040 |a SNKLA  |b slo  |c SNKLA  |e AACR2 
041 0 |a hun 
044 |a xo  |c SK 
110 2 |a Mindszenty (Bratislava, Slovensko)  |4 aut  |9 338370 
245 1 0 |a [Krčméry, Štefan]  |h grafika 
260 |a [S.l.  |b s.n.]  |c [1911] 
300 |a 1 fotografia  |b čiernobiela  |c 11 x 7 cm 
520 2 |a Zobrazenie: Podobizeň básnika, literárneho historika a kritika, prekladateľa, publicistu, redaktora Štefana Krčméryho ako maturanta v roku 1911 (26.12.1892 Mošovce - 15.2.1955 Pezinok, poch. v Bratislave, od 1990 v Martine). 
600 1 7 |a Krčméry, Štefan,  |d 1892-1955  |2 SNKMA  |9 5358 
655 7 |a portrétne fotografie  |2 SNKPH  |9 305796 
852 7 |a Slovenská národná knižnica  |b Literárny archív 
958 |a ZO 
958 |a BLA 
999 |c 691956  |d 693886 
952 |a SNKLA  |b SNKLA  |c SNKLA_DEP  |y NEVYP  |7 0  |p 17A1310500  |o snkSK 62/54  |i snkLA 1370/1965  |0 0  |1 0  |4 0  |d 2019-11-22  |f 1  |l 0  |r 2026-02-23 20:30:28  |w 2026-02-23